000 01154nam a22003377a 4500
003 CHAP
005 20220817042051.0
008 971013s1976 br r 00010 spa d
010 _a33546
011 _a34518
035 _a38634
040 _cCHAP
082 0 4 _a633.68
_bE5 1976
110 2 _aEmpresa Brasileira de Pesquisa Agropecuaria
245 1 _aBibliografía de mendioca (Manihot esculenta, Crantz)
260 _aCruz das Almas, Bahía, Brasil :
_b(s.e.),
_c1976
300 _a50 h.
590 _aBATCH-UPD
_b10
_c20130110
_lUCH01
_h0031
590 _aBATCH-UPD
_b10
_c20130110
_lUCH01
_h2212
590 _aBATCH-UPD
_b10
_c20130409
_lUCH01
_h2014
590 _aBATCH-UPD
_b10
_c20130410
_lUCH01
_h1515
590 _aBATCH-UPD
_b10
_c20130914
_lUCH01
_h0910
590 _aCONVERSION
_b10
_c20130109
_lUCH01
_h1319
650 1 4 _aYuca
_xBibliografía.
_9123276
700 0 _aMattos, Carmelia R.
_973098
700 0 _aValenca, Herbene.
_9117395
710 0 _aCentro Nacional de Pesquicia de Mandioca e Fruticultura. Bahía, Banderas.
_921246
901 _aBK
942 _cLIBRO
949 _a633.68 E5 1976
_bBC
_cC
_d33724000571204
_eC
_h41969
_i38634
_mD
_si
999 _c33546
_d33546